| 000 | 00567nam a2200217Ia 4500 | ||
|---|---|---|---|
| 003 | OSt | ||
| 005 | 20230401102005.0 | ||
| 008 | 210423s2008 xx 000 0 und d | ||
| 020 | _a817554340X | ||
| 040 | _cAL | ||
| 041 | _aeng | ||
| 082 | _a659.2 GREA | ||
| 100 |
_aGREGORY (Anne). _981540 |
||
| 245 | _aPlanning and managing public relations campaigns. | ||
| 250 | _a3 | ||
| 260 |
_aNew Delhi _bKogan Page Ltd _c2008 |
||
| 300 |
_aviii,184 _bPB |
||
| 365 |
_b225 _cINR |
||
| 906 | _acampaigns. ; managing ; Planning ; public ; relations | ||
| 942 |
_2ddc _cBK |
||
| 999 |
_c157821 _d157821 |
||